[Event "Flint (MI Jr/4/20)"]
[Site "?"]
[Date "1996.??.??"]
[Round "?"]
[White "Simmons, M."]
[Black "Joyce, K."]
[Result "1-0"]
[WhiteElo "1605"]
[BlackElo "1605"]
[PlyCount "43"]
[EventDate "1996.??.??"]

{4/(20)} 1. e4 e5 2. Nf3 Nf6 3. Nc3 Bb4 4. Nd5 Nxd5 5. exd5 e4 6. Nd4 Qe7 7.
Nf5 Qe5 8. Qg4 g6 9. Nh6 Qxd5 10. Be2 Nc6 11. O-O Ne5 12. Qf4 Qd4 13. c3 Nd3
14. Bxd3 Bxc3 15. Qxf7+ Kd8 16. dxc3 Qe5 17. Bxe4 Re8 18. Qxh7 Qf6 19. Nf7+ Ke7
20. Bg5 Qxg5 21. Nxg5+ Kf8 22. Qf7# 1-0

[Event "Flint (MI Jr/3/25)"]
[Site "?"]
[Date "1996.??.??"]
[Round "?"]
[White "Simmons, M."]
[Black "Black, Jesse"]
[Result "1-0"]
[WhiteElo "1605"]
[BlackElo "1605"]
[PlyCount "83"]
[EventDate "1996.??.??"]

{3/(25)} 1. e4 c6 2. d4 d5 3. e5 Bf5 4. Bd3 Bxd3 5. Qxd3 e6 6. Nf3 Nd7 7. Bg5
f6 8. exf6 Ngxf6 9. O-O h6 10. Bh4 Be7 11. Qg6+ Kf8 12. Bxf6 Bxf6 13. Nc3 Qe8
14. Qg4 e5 15. dxe5 Nxe5 16. Nxe5 Qxe5 17. Qb4+ Be7 18. Qxb7 Bd6 19. Qxa8+ Kf7
20. Qxa7+ Kg8 21. g3 h5 22. Rae1 Qf6 23. Re8+ Kh7 24. Rxh8+ Kxh8 25. h4 Qf5 26.
Kg2 Qxc2 27. Qa8+ Kh7 28. Qxc6 Bf8 29. Qxd5 Qxb2 30. Nb5 Qe2 31. Nc3 Qg4 32. f3
Qg6 33. f4 Qc2+ 34. Rf2 Qxc3 35. Qf5+ Kg8 36. Re2 Qc6+ 37. Qe4 Qxe4+ 38. Rxe4
Kh7 39. a4 Kg6 40. a5 Kf5 41. Re5+ Kg4 42. Rg5# 1-0

[Event "Ann Arbor (Fall Open/4/10)"]
[Site "?"]
[Date "1996.??.??"]
[Round "?"]
[White "Silveri, Marco"]
[Black "Tracy, B."]
[Result "1-0"]
[WhiteElo "1605"]
[BlackElo "1605"]
[PlyCount "45"]
[EventDate "1996.??.??"]

{4/(10)} 1. c4 g6 2. Nf3 Bg7 3. g3 e5 4. d3 d6 5. Bg2 f5 6. Nbd2 Nf6 7. Qc2 O-O
8. Rb1 c6 9. O-O Re8 10. e4 Qb6 11. b4 Na6 12. Qb3 Be6 13. Ng5 Nxb4 14. Nxe6
Rxe6 15. c5 Qxc5 16. Qxe6+ Kh8 17. Nc4 Nxd3 18. Nxd6 Rf8 19. Nf7+ Rxf7 20. Qxf7
Qf8 21. Qxf8+ Bxf8 22. Rxb7 Nc5 23. Rxa7 1-0

[Event "Ann Arbor (Mini-Swiss/2/15)"]
[Site "?"]
[Date "1996.??.??"]
[Round "?"]
[White "Silveri, Marco"]
[Black "Scott, T."]
[Result "1-0"]
[WhiteElo "1605"]
[BlackElo "1605"]
[PlyCount "109"]
[EventDate "1996.??.??"]

{2/(15)} 1. Nf3 Nf6 2. g3 d6 3. Bg2 e5 4. d3 Be7 5. O-O Nc6 6. c3 h6 7. e4 Be6
8. Be3 Qd7 9. Re1 Rd8 10. Nbd2 b5 11. b4 O-O 12. a4 a6 13. h4 d5 14. axb5 axb5
15. exd5 Nxd5 16. Ne4 Bf5 17. Qd2 Bxe4 18. dxe4 Nxc3 19. Qxd7 Rxd7 20. Bc5 Nxb4
21. Bxb4 Bxb4 22. Nxe5 Rd6 23. Re3 Rd1+ 24. Rxd1 Nxd1 25. Rb3 c5 26. Nc6 Be1
27. Rxb5 Bxf2+ 28. Kh2 Re8 29. e5 c4 30. Nb4 c3 31. Be4 g6 32. Bc2 Ne3 33. Bb3
Ng4+ 34. Kg2 Rxe5 35. Rxe5 Nxe5 36. Kxf2 Kg7 37. Nd5 Nd3+ 38. Ke3 Nc5 39. Bd1
f5 40. Nxc3 Kf6 41. Nd5+ Ke5 42. Nf4 g5 43. hxg5 hxg5 44. Nd3+ Nxd3 45. Kxd3
Kf6 46. Kd4 Ke6 47. Bf3 Kf6 48. Bd5 Kg6 49. Ke5 f4 50. g4 Kh6 51. Kf5 f3 52.
Bxf3 Kg7 53. Kxg5 Kh8 54. Kh6 Kg8 55. Be4 1-0

[Event "Ann Arbor (Fall Open/1/14)"]
[Site "?"]
[Date "1996.??.??"]
[Round "?"]
[White "Silveri, Marco"]
[Black "Mears, M."]
[Result "0-1"]
[WhiteElo "1605"]
[BlackElo "1605"]
[PlyCount "74"]
[EventDate "1996.??.??"]

{1/(14)} 1. c4 c5 2. Nf3 Nc6 3. g3 e5 4. Bg2 Nf6 5. d3 Be7 6. O-O O-O 7. Nbd2
d6 8. a3 Bd7 9. Rb1 a5 10. Ng5 h6 11. Nge4 Qc7 12. Nc3 Nd4 13. Nde4 Bc6 14.
Nxf6+ Bxf6 15. Nd5 Qd8 16. Be3 Re8 17. b4 axb4 18. axb4 Rb8 19. b5 Bd7 20. f4
b6 21. Qd2 exf4 22. Rxf4 Bg5 23. Rf2 Bxe3 24. Nxe3 Qg5 25. Rf4 Re7 26. Be4 Re5
27. Rbf1 f6 28. Nd5 Ne6 29. Nxf6+ gxf6 30. Bd5 Kg7 31. Bxe6 Bxe6 32. e4 Ra8 33.
Qe2 f5 34. Qb2 Kg6 35. exf5+ Rxf5 36. Qe2 Kf6 37. g4 Rxf4 0-1

[Event "Ann Arbor (Fall Open/3/12)"]
[Site "?"]
[Date "1996.??.??"]
[Round "?"]
[White "Silveri, Marco"]
[Black "Dowling, James"]
[Result "0-1"]
[WhiteElo "1605"]
[BlackElo "1605"]
[PlyCount "62"]
[EventDate "1996.??.??"]

{3/(12)} 1. c4 e6 2. g3 d5 3. cxd5 exd5 4. Bg2 c6 5. Nf3 Nf6 6. O-O g6 7. d3
Bg7 8. Bg5 h6 9. Bd2 Qb6 10. Qc1 d4 11. b4 Nd5 12. a3 Bg4 13. e4 Ne7 14. Bf4
Qb5 15. Qc2 Qh5 16. Nbd2 Nd7 17. Rab1 O-O 18. Rfe1 g5 19. Bd6 Rfe8 20. b5 c5
21. Bxc5 Rac8 22. Qa4 Nxc5 23. Qxa7 Nxd3 24. Rf1 Ng6 25. Nxd4 Bxd4 26. Qxd4 Be2
27. Bf3 Bxf3 28. Qxd3 Ne5 29. Qb3 Rc2 30. Qxc2 Qh3 31. Nxf3 Nxf3+ 0-1

[Event "Detroit (MI Action/1/13)"]
[Site "?"]
[Date "1996.??.??"]
[Round "?"]
[White "Shukla, Ravi"]
[Black "Zuniga, Jesus"]
[Result "0-1"]
[WhiteElo "1605"]
[BlackElo "1605"]
[PlyCount "76"]
[EventDate "1996.??.??"]

{1/(13)} 1. e4 e6 2. Nf3 d5 3. Bd3 Nf6 4. e5 Nfd7 5. O-O c5 6. Bb5 a6 7. Bxd7+
Nxd7 8. d4 Qc7 9. Re1 cxd4 10. Nxd4 Nxe5 11. Bf4 Bd6 12. Nc3 Bd7 13. Nf3 Nxf3+
14. Qxf3 Bxf4 15. g3 Bd2 16. Nxd5 Qxc2 17. Qe2 O-O 18. Rac1 Qxc1 19. Rxc1 Bxc1
20. Nf4 Bxf4 21. gxf4 Rac8 22. Kg2 Rfd8 23. f3 Bc6 24. h4 Rd4 25. Qe3 Rcd8 26.
Qe5 Rd2+ 27. Kg3 h6 28. f5 exf5 29. Qxf5 R2d3 30. Kg4 Bxf3+ 31. Kf4 R8d4+ 32.
Ke5 Rd5+ 33. Kf4 Rxf5+ 34. Kxf5 g6+ 35. Kf6 Kf8 36. h5 Bxh5 37. b4 Rd5 38. a4
Rf5# 0-1

[Event "Detroit (MI Action/4/2)"]
[Site "?"]
[Date "1996.??.??"]
[Round "?"]
[White "Shukla, Ravi"]
[Black "Valdivia, Alex"]
[Result "0-1"]
[WhiteElo "1605"]
[BlackElo "1605"]
[PlyCount "40"]
[EventDate "1996.??.??"]

{4/(2)} 1. e4 e5 2. Nf3 Nc6 3. Nc3 Nf6 4. Bb5 Bb4 5. d3 O-O 6. Bg5 h6 7. Bxf6
Qxf6 8. Qd2 Nd4 9. O-O-O Bxc3 10. Qxc3 Nxb5 11. Qxe5 a6 12. a4 d6 13. Qxf6 gxf6
14. axb5 axb5 15. Nd4 Bd7 16. f4 c5 17. Nf5 Bxf5 18. exf5 Rfe8 19. d4 Re2 20.
dxc5 Ra1# 0-1

[Event "Detroit (MI Women/3/5)"]
[Site "?"]
[Date "1996.??.??"]
[Round "?"]
[White "Shettlewood, Jeni"]
[Black "Yancey, Seleana"]
[Result "0-1"]
[WhiteElo "1605"]
[BlackElo "1605"]
[PlyCount "76"]
[EventDate "1996.??.??"]

{3/(5)} 1. e4 e5 2. Qg4 d5 3. Qf3 Nf6 4. exd5 Nxd5 5. Qe4 Nc6 6. Nf3 Nf6 7. Qd3
Qxd3 8. Bxd3 e4 9. Bxe4 Nxe4 10. d3 Nf6 11. O-O Be7 12. Bf4 Bg4 13. Bxc7 Bxf3
14. gxf3 Rc8 15. Bg3 O-O 16. Nc3 Nd4 17. Rac1 Bb4 18. Bd6 Bxd6 19. Rfe1 Bb4 20.
Re3 Bxc3 21. bxc3 Rxc3 22. f4 Rxc2 23. Rce1 h6 24. Re7 Nf3+ 25. Kf1 Nxe1 26.
Kxe1 Rd8 27. Rxb7 Rxd3 28. Kf1 Ng4 29. Rb1 Nxh2+ 30. Kg1 Nf3+ 31. Kg2 h5 32. a4
Nh4+ 33. Kf1 Rf3 34. Rb8+ Kh7 35. Ra8 Rfxf2+ 36. Ke1 Ng2+ 37. Kd1 Ne3+ 38. Ke1
Rce2# 0-1

[Event "Detroit (MI Women/1/5)"]
[Site "?"]
[Date "1996.??.??"]
[Round "?"]
[White "Shettlewood, Jeni"]
[Black "Raupp, Christine"]
[Result "0-1"]
[WhiteElo "1605"]
[BlackElo "1605"]
[PlyCount "58"]
[EventDate "1996.??.??"]

{1/(5)} 1. e4 e6 2. Nf3 d5 3. Nc3 c5 4. Bb5+ Bd7 5. Bxd7+ Qxd7 6. exd5 exd5 7.
Qe2+ Be7 8. d3 Nf6 9. Bf4 O-O 10. O-O Nc6 11. Nb5 Rac8 12. Ng5 Rfe8 13. Qe3 h6
14. Nc7 Rxc7 15. Bxc7 Qxc7 16. Qg3 Qxg3 17. hxg3 hxg5 18. Rae1 Bd6 19. Rxe8+
Nxe8 20. Re1 Nf6 21. f3 Bxg3 22. Re2 Kf8 23. c3 g4 24. c4 Nd4 25. Rd2 dxc4 26.
b3 gxf3 27. bxc4 Ng4 28. Rb2 Ne2+ 29. Kf1 Nh2# 0-1

[Event "Detroit (Beg/2/14)"]
[Site "?"]
[Date "1996.??.??"]
[Round "?"]
[White "Sherwood, J."]
[Black "Goerke, Daniel"]
[Result "0-1"]
[WhiteElo "1605"]
[BlackElo "1605"]
[PlyCount "100"]
[EventDate "1996.??.??"]

{2/(14)} 1. e4 e5 2. Nf3 Nc6 3. Bc4 d6 4. d3 Nf6 5. Ng5 Be6 6. Nxe6 fxe6 7.
Bxe6 Nd4 8. Bh3 d5 9. Nc3 dxe4 10. dxe4 Bb4 11. Bg5 Bxc3+ 12. bxc3 Ne6 13. Bxe6
Qxd1+ 14. Rxd1 Nxe4 15. Bh4 Nxc3 16. Rd7 Ne4 17. O-O g5 18. Re1 Nc5 19. Rxc7
Nxe6 20. Rxe5 gxh4 21. Rxe6+ Kd8 22. Rc3 Rf8 23. Rd3+ Kc8 24. h3 b5 25. Re7 h6
26. c3 a5 27. Rd5 b4 28. cxb4 axb4 29. Rc5+ Kd8 30. Rb7 Ra4 31. Rcc7 Rxa2 32.
Rd7+ Ke8 33. Rd4 Rfxf2 34. Rc4 Kd8 35. Rcxb4 Rxg2+ 36. Kf1 Raf2+ 37. Ke1 Ra2
38. Kf1 Rgc2 39. Rd4+ Kc8 40. Rb1 Rf2+ 41. Kg1 Rg2+ 42. Kf1 Rh2 43. Kg1 Rxh3
44. Rf1 Rah2 45. Rf7 Rh1+ 46. Kg2 R3h2+ 47. Kf3 Rf1+ 48. Ke4 Rxf7 49. Kd5 Rd7+
50. Kc4 Rxd4+ 0-1

[Event "Kalamazoo (Mini-Swiss.1/1)"]
[Site "?"]
[Date "1996.??.??"]
[Round "?"]
[White "Sheridan, Gregory"]
[Black "LaMar, Frank"]
[Result "0-1"]
[WhiteElo "1905"]
[BlackElo "2125"]
[PlyCount "66"]
[EventDate "1996.??.??"]

{1/(1)} 1. Nf3 c5 2. g3 d5 3. Bg2 Nc6 4. O-O e5 5. d3 Nf6 6. Nbd2 Be7 7. c4 d4
8. Ng5 h6 9. Nge4 Nxe4 10. Bxe4 O-O 11. Bg2 Be6 12. Re1 f5 13. b3 Qd7 14. f4
Bd6 15. Nf1 Rae8 16. e3 Bf7 17. e4 Bg6 18. Bh3 Qf7 19. exf5 Bxf5 20. g4 Bd7 21.
f5 h5 22. Ng3 h4 23. Ne4 Be7 24. Qf3 Nb4 25. f6 Nc2 26. Bg5 Nxe1 27. Rxe1 Bc6
28. Bxh4 Bxe4 29. Qxe4 Bxf6 30. g5 Bd8 31. Rf1 Qh5 32. Bg4 Rxf1+ 33. Kxf1 Rf8+
0-1

[Event "Kalamazoo (MI Am/1/27)"]
[Site "?"]
[Date "1996.??.??"]
[Round "?"]
[White "Shelven, K."]
[Black "Bloch, Hermann"]
[Result "0-1"]
[WhiteElo "1605"]
[BlackElo "1605"]
[PlyCount "90"]
[EventDate "1996.??.??"]

{1/(27)} 1. e4 c5 2. Bc4 Nc6 3. Nf3 Nd4 4. Nxd4 cxd4 5. d3 e5 6. O-O Nf6 7. Bg5
Be7 8. Bxf6 Bxf6 9. c3 Qb6 10. Qb3 Qxb3 11. Bxb3 b5 12. a4 bxa4 13. Rxa4 O-O
14. Bd5 Rb8 15. b4 a6 16. c4 d6 17. c5 dxc5 18. bxc5 Be7 19. c6 Bb4 20. Rc1 Rb5
21. h3 Ra5 22. Rxa5 Bxa5 23. Na3 Bc7 24. Nc4 Be6 25. Bxe6 fxe6 26. Ra1 Ra8 27.
Nd2 Kf7 28. Kh2 Ke7 29. Nf3 h6 30. g4 a5 31. g5 Kd6 32. gxh6 gxh6 33. Nd2 Kxc6
34. Rc1+ Kd7 35. Nb3 Bd6 36. Kg3 a4 37. Nc5+ Ke7 38. Nb7 a3 39. Nxd6 Kxd6 40.
Kf3 a2 41. Ra1 Kc5 42. Ke2 Kb4 43. Kd2 Kb3 44. Kc1 Rc8+ 45. Kd2 Kb2 0-1

[Event "Detroit (MI Action/6/9)"]
[Site "?"]
[Date "1996.??.??"]
[Round "?"]
[White "Shaw, L."]
[Black "McNeil, Yaking"]
[Result "1-0"]
[WhiteElo "1605"]
[BlackElo "1605"]
[PlyCount "91"]
[EventDate "1996.??.??"]

{6/(9)} 1. e3 c5 2. Nf3 d6 3. d4 cxd4 4. exd4 Bg4 5. Be3 Nd7 6. Nc3 Ngf6 7. Bg5
h6 8. Bxf6 Nxf6 9. Ne4 Nxe4 10. h3 Bd7 11. Bd3 Nf6 12. c4 e6 13. b4 d5 14. c5
b6 15. Qc2 Rc8 16. O-O Ng8 17. Rac1 Ne7 18. Ne5 b5 19. c6 Nxc6 20. Nxd7 Nxb4
21. Qxc8 Nxd3 22. Qxd8+ Kxd8 23. Rc3 Nf4 24. Ne5 Ne2+ 25. Kh1 Rh7 26. Nc6+ Kd7
27. Rc2 a5 28. Ne5+ Ke8 29. Rxe2 Bd6 30. Nc6 a4 31. Rb2 Kd7 32. Ne5+ Bxe5 33.
dxe5 Rh8 34. Rxb5 Rc8 35. Rfb1 Rc2 36. R5b2 Rc3 37. Kg1 Kc6 38. Kf1 Kc5 39. Rd2
d4 40. f3 f5 41. h4 f4 42. h5 d3 43. Rdd1 Kd4 44. Rb5 Ke3 45. Rb4 g5 46. Re4#
1-0

[Event "Detroit (MI Action/1/5)"]
[Site "?"]
[Date "1996.??.??"]
[Round "?"]
[White "Shaw, L."]
[Black "Hill, Brad"]
[Result "0-1"]
[WhiteElo "1605"]
[BlackElo "1745"]
[PlyCount "64"]
[EventDate "1996.??.??"]

{1/(5)} 1. e4 c5 2. Nf3 Nc6 3. Bb5 g6 4. c3 Bg7 5. d4 cxd4 6. Bxc6 bxc6 7. Nxd4
Ba6 8. Be3 Nf6 9. Nd2 O-O 10. Bg5 Qa5 11. Ne2 Qxg5 12. O-O Qb5 13. e5 Qxe2 14.
exf6 Bxf6 15. Rb1 Bg5 16. Nf3 Qxf1+ 17. Qxf1 Bxf1 18. Nxg5 Bd3 19. Rd1 Bf5 20.
a3 h6 21. Nf3 Rab8 22. b4 c5 23. h3 cxb4 24. cxb4 Rb5 25. g4 Be6 26. Re1 Rd5
27. Kh2 Rc8 28. Rg1 Rd3 29. Nh4 g5 30. Ng2 Rc2 31. f3 Rxf3 32. Kh1 Rxh3# 0-1

[Event "Detroit (WCO/4/22)"]
[Site "?"]
[Date "1996.??.??"]
[Round "?"]
[White "Shaw, L."]
[Black "Goerke, Daniel"]
[Result "1-0"]
[WhiteElo "1605"]
[BlackElo "1605"]
[PlyCount "99"]
[EventDate "1996.??.??"]

{4/(22)} 1. e4 e5 2. Nf3 Nc6 3. Bb5 d6 4. d4 Bd7 5. Bxc6 Bxc6 6. d5 Bd7 7. Be3
Be7 8. Nc3 Nf6 9. Bg5 Ng4 10. Bxe7 Qxe7 11. h3 Nf6 12. Qe2 O-O 13. Nb5 Ne8 14.
c4 c6 15. Nc3 cxd5 16. Nxd5 Qd8 17. O-O Nf6 18. b3 Nxd5 19. cxd5 Qb6 20. Nd2
Bb5 21. Nc4 Bxc4 22. bxc4 h6 23. Rfb1 Qc7 24. Rb2 Rac8 25. Rc2 Qc5 26. Rb1 b6
27. Rbc1 Rc7 28. Kh1 Re7 29. Rb1 Rc8 30. Rbc1 Rec7 31. Rc3 Rb7 32. Qc2 b5 33.
a3 bxc4 34. Rxc4 Qc7 35. Rxc7 Rbxc7 36. Qxc7 Rxc7 37. Rxc7 a6 38. Rc6 a5 39.
Rxd6 f6 40. Ra6 g6 41. Ra7 f5 42. f3 fxe4 43. fxe4 g5 44. g4 h5 45. gxh5 a4 46.
h6 Kh8 47. d6 Kg8 48. Rg7+ Kh8 49. d7 g4 50. d8=Q# 1-0

[Event "Howell (US Am N/3/25)"]
[Site "?"]
[Date "1996.??.??"]
[Round "?"]
[White "Serwatowski, Felix"]
[Black "Velasquez, A."]
[Result "1-0"]
[WhiteElo "1605"]
[BlackElo "1740"]
[PlyCount "96"]
[EventDate "1996.??.??"]

{3/(25)} 1. Nf3 Nf6 2. c4 g6 3. g3 Bg7 4. Bg2 O-O 5. O-O d6 6. d4 Nc6 7. Nc3
Bd7 8. e4 Rb8 9. Re1 a6 10. a4 Qc8 11. e5 Ne8 12. exd6 cxd6 13. Nd5 Qd8 14. Bf4
Nf6 15. Nxf6+ Bxf6 16. Rb1 Bg4 17. Bh6 Re8 18. Be3 Na5 19. Rc1 b5 20. cxb5 axb5
21. b4 Nc4 22. a5 Nxe3 23. fxe3 Qd7 24. Qd2 Qa7 25. Kh1 Bd7 26. Ng1 Rec8 27.
Ne2 Rc4 28. Bd5 Be6 29. Bxc4 bxc4 30. d5 Qb7 31. e4 Bg4 32. Rxc4 Bf3+ 33. Kg1
Qa7+ 34. Kf1 Qd7 35. Kf2 Bxe2 36. Qxe2 Qa7+ 37. Kg2 Kg7 38. Qe3 Qa6 39. Rec1 h6
40. h4 Qb5 41. Qb3 Qxa5 42. bxa5 Rxb3 43. Ra4 Rb8 44. a6 Ra8 45. a7 Be5 46. Rb1
Bd4 47. Rb8 Rxa7 48. Rxa7 Bxa7 1-0

[Event "Lansing (MOR/3/18)"]
[Site "?"]
[Date "1996.??.??"]
[Round "?"]
[White "Serwatowski, Felix"]
[Black "Rosenberg, Steve"]
[Result "0-1"]
[WhiteElo "1605"]
[BlackElo "1755"]
[PlyCount "73"]
[EventDate "1996.??.??"]

{3/(18)} 1. Nf3 Nf6 2. g3 g6 3. Bg2 Bg7 4. d4 O-O 5. O-O d5 6. Nbd2 e6 7. Re1
b6 8. b4 Nc6 9. a3 b5 10. Nb3 a5 11. Bd2 axb4 12. axb4 Rxa1 13. Qxa1 Ne4 14.
Qb2 Qf6 15. c3 e5 16. Be3 Qe7 17. Nc5 exd4 18. Nxd4 Nxd4 19. cxd4 Nf6 20. Qb3
c6 21. Bg5 h6 22. Bd2 Nd7 23. Nxd7 Bxd7 24. Bc3 Ra8 25. e4 dxe4 26. Bxe4 Qd6
27. Rd1 Re8 28. Bf3 Qf6 29. Kg2 Be6 30. Qc2 Bc4 31. Ba1 Qe6 32. Bc3 Bb3 33. d5
Bxc2 34. dxe6 Bxd1 35. exf7+ Kxf7 36. Bxg7 Bxf3+ 37. Kxf3 0-1

[Event "Lansing (MOR/6/25)"]
[Site "?"]
[Date "1996.??.??"]
[Round "?"]
[White "Serwatowski, Felix"]
[Black "Jaynes, K."]
[Result "0-1"]
[WhiteElo "1605"]
[BlackElo "1605"]
[PlyCount "38"]
[EventDate "1996.??.??"]

{6/(25)} 1. Nf3 d5 2. g3 c5 3. c3 Nc6 4. d3 e5 5. Qc2 Nf6 6. Nbd2 Bg4 7. Bg2
Be7 8. O-O O-O 9. e4 d4 10. cxd4 Nxd4 11. Nxd4 cxd4 12. Nf3 Bxf3 13. Bxf3 Rc8
14. Qb3 Qc7 15. Bd2 Qc2 16. Qxc2 Rxc2 17. Bc1 Rfc8 18. Rd1 a5 19. Rd2 Rxc1+ 0-1

[Event "Eastpointe (EDO/5/10)"]
[Site "?"]
[Date "1996.??.??"]
[Round "?"]
[White "Serwatowski, Felix"]
[Black "Jackson, J."]
[Result "1/2-1/2"]
[WhiteElo "1605"]
[BlackElo "1825"]
[PlyCount "45"]
[EventDate "1996.??.??"]

{5/(10)} 1. Nf3 Nf6 2. d4 g6 3. g3 Bg7 4. Bg2 O-O 5. O-O d6 6. Nc3 Nbd7 7. e4
e5 8. d5 Nc5 9. Re1 Bg4 10. Bg5 Qd7 11. b4 Na4 12. Nxa4 Qxa4 13. a3 Qd7 14. c4
b6 15. Qc2 a5 16. b5 Bh3 17. Qd2 Bxg2 18. Kxg2 Nh5 19. Qe2 f5 20. Bd2 Rf7 21.
Ng5 Rf6 22. Ne6 f4 23. Qg4 {[Remainder illegible; 1/2-1/2, 29?]} 1/2-1/2

[Event "Howell (US Am N/6/24)"]
[Site "?"]
[Date "1996.??.??"]
[Round "?"]
[White "Serwatowski, Felix"]
[Black "Hartwig, Thomas"]
[Result "0-1"]
[WhiteElo "1605"]
[BlackElo "1760"]
[PlyCount "62"]
[EventDate "1996.??.??"]

{6/(24)} 1. Nf3 d5 2. g3 Nf6 3. e3 Nc6 4. Bg2 e5 5. d3 Bg4 6. Qd2 Qd7 7. Nc3
Bb4 8. a3 Bd6 9. b4 Bh3 10. O-O Bxg2 11. Kxg2 h5 12. b5 Ne7 13. a4 h4 14. Rh1
Ng6 15. Bb2 O-O-O 16. a5 Qg4 17. h3 Qd7 18. b6 a6 19. bxc7 Bxc7 20. Ne2 Rh7 21.
Bc3 Rdh8 22. Nfg1 Qd6 23. d4 Ne4 24. Qd3 hxg3 25. fxg3 Nh4+ 26. gxh4 Qg6+ 27.
Kf1 Qf6+ 28. Ke1 Qxh4+ 29. Kd1 Nf2+ 30. Kd2 Nxd3 31. Kxd3 Qe4+ 0-1

[Event "Detroit (Class C/2/16)"]
[Site "?"]
[Date "1996.??.??"]
[Round "?"]
[White "Serwatowski, Felix"]
[Black "Elliott, J."]
[Result "1-0"]
[WhiteElo "1605"]
[BlackElo "1605"]
[PlyCount "81"]
[EventDate "1996.??.??"]

{2/(16)} 1. Nf3 c5 2. g3 g6 3. Bg2 Bg7 4. d3 Nc6 5. Nbd2 d5 6. c3 b5 7. a3 Rb8
8. O-O Bg4 9. Nb3 Qd6 10. d4 cxd4 11. Nbxd4 Nxd4 12. cxd4 e5 13. Nxe5 Bxe5 14.
dxe5 Qxe5 15. Bf4 Qxb2 16. Bxb8 Bxe2 17. Qxe2+ Qxe2 18. Rfe1 Qxe1+ 19. Rxe1+
Ne7 20. Bxd5 O-O 21. Rxe7 Rxb8 22. Rxa7 b4 23. axb4 Rxb4 24. Bxf7+ Kf8 25. Ba2
h5 26. Ra8+ Kg7 27. h4 Rb5 28. Bc4 Rc5 29. Be2 g5 30. Bxh5 gxh4 31. g4 Rc1+ 32.
Kg2 Kf6 33. Ra5 Rc3 34. Rf5+ Kg7 35. Rf3 h3+ 36. Rxh3 Rc1 37. Rh1 Rc5 38. Kg3
Kf6 39. f4 Rc3+ 40. Kh4 Rf3 41. g5+ 1-0

[Event "Lansing (MOR/1a/29)"]
[Site "?"]
[Date "1996.??.??"]
[Round "?"]
[White "Serwatowski, Felix"]
[Black "Davis, A."]
[Result "1/2-1/2"]
[WhiteElo "1605"]
[BlackElo "1605"]
[PlyCount "65"]
[EventDate "1996.??.??"]

1. Nf3 Nf6 2. g3 d5 3. Bg2 c5 4. O-O Nc6 5. c3 e5 6. d3 Be7 7. Nbd2 O-O 8. e4
dxe4 9. dxe4 Bg4 10. Qc2 Nd7 11. Nc4 b5 12. Ne3 Be6 13. Rd1 Qc7 14. Nd5 Qd8 15.
Nxe7+ Nxe7 16. Nxe5 Rb8 17. Nxd7 Bxd7 18. Bf4 Rb6 19. Qd2 Ng6 20. Qxd7 Qxd7 21.
Rxd7 Nxf4 22. gxf4 Rg6 23. Rxa7 Rd8 24. Rb7 Rg4 25. f5 h6 26. Rxb5 Rd2 27. Rb1
Rf4 28. f3 Rh4 29. Rxc5 Rh5 30. a4 Rg5 31. b4 Rgxg2+ 32. Kf1 Rgf2+ 33. Ke1
1/2-1/2

[Event "Eastpointe (EDO/2/21)"]
[Site "?"]
[Date "1996.??.??"]
[Round "?"]
[White "Serwatowski, Felix"]
[Black "Cooper, A."]
[Result "1-0"]
[WhiteElo "1605"]
[BlackElo "1605"]
[PlyCount "77"]
[EventDate "1996.??.??"]

{2/(21)} 1. e4 e6 2. d4 d5 3. Nc3 Bb4 4. Qg4 Ne7 5. Qxg7 Rg8 6. Qxh7 c5 7. a3
Bxc3+ 8. bxc3 Qc7 9. Be3 cxd4 10. Bxd4 Nbc6 11. Bb5 Bd7 12. Bxc6 Qxc6 13. e5
Qa4 14. Nf3 O-O-O 15. O-O Rdf8 16. Qd3 Bb5 17. c4 Bxc4 18. Qc3 Kb8 19. Rfc1 Rc8
20. Qb4 Qxb4 21. axb4 Nc6 22. Bc5 Be2 23. Nd4 b6 24. Bd6+ Kb7 25. Nxe2 Rg5 26.
f4 Rh5 27. c3 Rch8 28. h3 a6 29. Nd4 Rc8 30. b5 axb5 31. Nxb5 Na5 32. Rc2 Rc4
33. Rf2 Rh8 34. Bb4 Kb8 35. Bxa5 bxa5 36. Rxa5 Re4 37. Nd6 Re1+ 38. Kh2 Rc1 39.
Rb2+ 1-0

[Event "Detroit (Class C/4/8)"]
[Site "?"]
[Date "1996.??.??"]
[Round "?"]
[White "Serwatowski, Felix"]
[Black "Belill, Mike"]
[Result "1-0"]
[WhiteElo "1605"]
[BlackElo "1605"]
[PlyCount "103"]
[EventDate "1996.??.??"]

{4/(8)} 1. Nf3 Nf6 2. g3 g6 3. Bg2 Bg7 4. c3 O-O 5. O-O d5 6. d3 c5 7. Nbd2 Nc6
8. e3 Bf5 9. Nb3 b6 10. Qe2 Qd7 11. Nbd2 Bh3 12. e4 Bxg2 13. Kxg2 Qg4 14. Re1
Nh5 15. Nf1 d4 16. Nxd4 Qd7 17. Nf3 Rfd8 18. Rd1 Ne5 19. Nxe5 Bxe5 20. Ne3 b5
21. Nc2 Rac8 22. d4 cxd4 23. Nxd4 b4 24. Be3 Qb7 25. Qc2 Bg7 26. c4 Nf6 27. f3
Nd7 28. Rac1 Ne5 29. b3 Qa6 30. Nb5 Qf6 31. Qe2 a6 32. Nd4 Rd7 33. f4 Nc6 34.
e5 Nxe5 35. fxe5 Qxe5 36. Nf3 Qf5 37. Rxd7 Qxd7 38. Rd1 Qe6 39. Qd2 Rf8 40. Bf2
Bf6 41. Rc1 Qc6 42. Be3 e5 43. Qd5 Qc7 44. Rd1 Rd8 45. Qc5 Qb8 46. Rxd8+ Qxd8
47. Qxb4 e4 48. Nd2 Qd3 49. Nf1 Qc2+ 50. Kg1 Qxa2 51. Bh6 Bd4+ 52. Kh1 1-0

[Event "Howell (US Am N/1/17)"]
[Site "?"]
[Date "1996.??.??"]
[Round "?"]
[White "Serwatowski, Felix"]
[Black "Aldrich, Jeff"]
[Result "0-1"]
[WhiteElo "1605"]
[BlackElo "1915"]
[PlyCount "88"]
[EventDate "1996.??.??"]

{1/(17)} 1. Nf3 d5 2. d4 Nf6 3. e3 c6 4. Bd3 Bg4 5. Nbd2 Nbd7 6. O-O e5 7. dxe5
Nxe5 8. Be2 Ng6 9. h3 Bd7 10. Bd3 Bd6 11. e4 O-O 12. exd5 Nxd5 13. Nc4 Bc7 14.
Bg5 Qc8 15. Bxg6 fxg6 16. Qd4 Bxh3 17. Qh4 Rxf3 18. gxf3 Bxf1 19. Rxf1 Qf5 20.
Ne3 Qxf3 21. Qc4 Qh3 22. Qh4 Qxh4 23. Bxh4 Nxe3 24. fxe3 Bb6 25. Bf2 Re8 26.
Re1 Kf7 27. Kf1 g5 28. Ke2 h5 29. Rf1 Kg6 30. Rh1 g4 31. b4 Bc7 32. Rg1 Kf5 33.
Rf1 Ke4 34. Rb1 g6 35. Rd1 Rd8 36. Rg1 g5 37. a4 Be5 38. Be1 Rf8 39. c4 Rf3 40.
Bd2 g3 41. c5 Rf2+ 42. Ke1 Kd3 43. Bc1 Bc3+ 44. Kd1 g2 0-1

[Event "Kalamazoo (Mini-Swiss.1/1)"]
[Site "?"]
[Date "1996.??.??"]
[Round "?"]
[White "Semerciyan, Mike"]
[Black "Post, Robert"]
[Result "1-0"]
[WhiteElo "1900"]
[BlackElo "1605"]
[PlyCount "49"]
[EventDate "1996.??.??"]

{1/(1)} 1. d4 g6 2. e4 d6 3. Nf3 Bg7 4. Bc4 Nf6 5. Nc3 O-O 6. O-O Bg4 7. h3
Bxf3 8. Qxf3 Nc6 9. Ne2 h6 10. c3 e5 11. d5 Ne7 12. g4 g5 13. Ng3 Qe8 14. Be3
a6 15. b4 b5 16. Bb3 c6 17. dxc6 Qxc6 18. Rac1 Rac8 19. Rfd1 Kh7 20. Nf5 Nxf5
21. Qxf5+ Kg8 22. f3 Rc7 23. h4 gxh4 24. g5 Nh5 25. gxh6 1-0

[Event "Flint (MI Senior/2/2)"]
[Site "?"]
[Date "1996.??.??"]
[Round "?"]
[White "Semerciyan, Mike"]
[Black "Mazuchowski, Tom"]
[Result "0-1"]
[WhiteElo "1910"]
[BlackElo "2185"]
[PlyCount "90"]
[EventDate "1996.??.??"]

{2/(2)} 1. Nf3 Nf6 2. g3 g6 3. Bg2 Bg7 4. O-O O-O 5. c4 d6 6. d4 Nc6 7. Nc3 Bg4
8. h3 Bxf3 9. Bxf3 Nd7 10. Bxc6 bxc6 11. Be3 e5 12. d5 c5 13. Qd2 f5 14. Bh6 f4
15. Bxg7 Kxg7 16. Kg2 h6 17. Ne4 Nf6 18. Nxf6 Qxf6 19. gxf4 exf4 20. Qc3 Rae8
21. Qxf6+ Kxf6 22. Kf3 g5 23. Rg1 Kf5 24. Rac1 h5 25. Rc3 Rg8 26. e3 g4+ 27.
hxg4+ hxg4+ 28. Ke2 Rh8 29. Rf1 Rh2 30. Kd1 f3 31. Rb3 Reh8 32. Ke1 Rh1 33.
Rxh1 Rxh1+ 34. Kd2 Rf1 35. Rb7 Rxf2+ 36. Kd3 g3 37. e4+ Kf4 38. Rxc7 g2 39.
Rf7+ Kg3 40. Rg7+ Kh2 41. Rh7+ Kg1 42. Rg7 Re2 43. b4 f2 44. Rxg2+ Kxg2 45.
Kxe2 f1=Q+ 0-1

[Event "Ann Arbor (Month Long Swiss/3/2)"]
[Site "?"]
[Date "1996.??.??"]
[Round "?"]
[White "Sellers, Matt"]
[Black "Sobocinski, Mike"]
[Result "0-1"]
[WhiteElo "1605"]
[BlackElo "1945"]
[PlyCount "62"]
[EventDate "1996.??.??"]

{3/(2)} 1. e4 c6 2. d4 d5 3. Nc3 dxe4 4. Nxe4 Bf5 5. Ng3 Bg6 6. h4 h6 7. Nf3
Nd7 8. h5 Bh7 9. Bd3 Bxd3 10. Qxd3 Ngf6 11. Bd2 e6 12. c4 Bd6 13. Ne4 Nxe4 14.
Qxe4 Nf6 15. Qe2 Qc7 16. g3 a5 17. O-O-O b6 18. Kb1 a4 19. Nh4 Qe7 20. Rhe1 a3
21. Nf5 exf5 22. Qf3 Ne4 23. Qd3 O-O 24. Bxh6 gxh6 25. f3 Bb4 26. Re2 axb2 27.
fxe4 Ra3 28. Qc2 Rfa8 29. exf5 Qg5 30. Qxb2 Qxf5+ 31. Kc1 Rc3+ 0-1